Can You Name All The Characteristics Of Bull From Brawl Stars? - Statistics

General Stats
  • This quiz has been taken 2 times
  • The average score is 7 of 15
Answer Stats
Hint Answer % Correct
Rarity Rare
100%
Star Power Berserker
50%
Super Bulldozer
50%
Title Bulldozer
50%
Trait Damage Received
50%
Prestige Title Don't Mess With Me
50%
Trio Retropolis
50%
Gadgets Stomper
50%
Class Tank
50%
Gadgets T-Bone Missile
50%
Star Power Tough Guy
50%
Buffies Yes
50%
Voice Actor Bill Russell
0%
Attack Double-Barrel
0%
Hypercharge Jaws of Steel
0%
No matching quizzes found
Score Distribution
Percent of People with Each Score
Percentile by Number Answered
Your Score History
You have not taken this quiz